2024 All Blacks - Statistics

General Stats
  • This quiz has been taken 26 times
  • The average score is 12 of 32
Answer Stats
Position Player % Correct
First Five-Eighth Beauden Barrett
86%
Lock Scott Barrett
86%
First Five-Eighth Damian McKenzie
79%
Hooker Codie Taylor
71%
Flanker Ardie Savea
64%
Second Five-Eighth Jordie Barrett
64%
Wing Mark Tele’a
57%
Wing Caleb Clarke
50%
Prop Ethan DeGroot
50%
Center Rieko Ioane
50%
Wing Sevu Reece
50%
Halfback TJ Perenara
50%
Halfback Cortez Ratima
43%
Flanker Dalton Papali’i
43%
Halfback Finlay Christie
43%
Prop Tamaiti Williams
43%
Second Five-Eighth Anton Lienert-Brown
29%
Flanker Ethan Blackadder
29%
Prop Fletcher Newell
29%
Hooker George Bell
29%
Prop Ofa Tu’ungafasi
29%
Lock Patrick Tuipulotu
29%
Prop Tyrel Lomax
29%
Hooker Asafo Aumua
21%
Flanker Wallace Sititi
14%
Center Billy Proctor
7%
Wing Emoni Narawa
7%
Lock Josh Lord
7%
Flanker Luke Jacobson
7%
Flanker Samipeni Finau
7%
Fullback Stephen Perofeta
7%
Prop Pasileo Tosi
0%
No matching quizzes found
Score Distribution
Percent of People with Each Score
Percentile by Number Answered
Your Score History
You have not taken this quiz